| 000 | 00918nam a2200289 i 4500 | ||
|---|---|---|---|
| 001 | bgj | ||
| 100 | 1 | _aANONYMUS, | |
| 245 | 1 | 0 |
_aPrimary Colors / _cAnonymus ; retold by Brent Furnas. |
| 260 |
_aHarlow : _bPearson Education Limited, _c2000. |
||
| 300 |
_aV, [I], 58, [1] pp : _bdraw. ; _c20 cm. |
||
| 490 | 1 | _aPenguin Readers.Level 4 / Andy Hopkins and Jocelyn Potter, series editors | |
| 650 | 9 |
_aAmerican fiction _y20th century |
|
| 650 | 9 | _aPolitical Fiction, American | |
| 651 | 9 |
_aUnited States _xElection |
|
| 651 | 9 | _aUnited States | |
| 655 | _aFiction | ||
| 700 | 1 | _aFURNAS, Brent | |
| 700 | 1 |
_aHOPKINS, Andy. _eed. |
|
| 700 | 1 |
_aPOTTER, Jocelyn. _eed. |
|
| 830 | 0 | _aPenguin Readers.Level 4 (Andy Hopkins and Jocelyn Potter, series editors) | |
| 020 | _a0582468256 | ||
| 040 | _cBPK | ||
| 041 | 0 | _aeng | |
| 920 | _a0-582-46825-6 | ||
| 942 | _cKS | ||
| 008 | s uk f |000 0 eng | ||
| 999 |
_c48308 _d48308 |
||
| 856 |
_uhttp://koha.tu.koszalin.pl/cgi-bin/koha/opac-detail.pl?biblionumber=48308 _yKatalog online BPK |
||